000 00557nam a22001817a 4500
005 20251108172216.0
008 250721s1987 xx 000 0 ara d
082 1 4 _a641.6/عنا
100 1 _aالمهدي، عنايات
245 1 0 _aأكثر من 200 طريقة لأكلات السمك :
_bوجبة الصحة و الذكاء /
264 1 _aالقاهرة :
_bمكتبة إبن سينا للنشر،
_c1987.
300 _a256ص
650 1 7 _aالطهي
650 1 7 _aالأطعمة
650 1 7 _aالسمك
942 _2ddc
_cBK
999 _c73183
_d73183